|
|
|
|
| LEADER |
00000nab a2200000 a 4500 |
| 001 |
vtls008876313 |
| 003 |
SK-MaSNL |
| 005 |
20260304205745.0 |
| 008 |
250505c2006 xo 0 slo |
| 015 |
|
|
|a SNBCL2005/5
|
| 035 |
|
|
|a SLK037598
|
| 035 |
|
|
|a urn:nbn:sk:snk-ab2krl
|
| 035 |
|
|
|a (urnnbn)urn:nbn:sk:snk:ar-a02krh
|
| 035 |
|
|
|a (uuid)2f792332-6a83-4c85-9393-c1ee5a085f87
|
| 040 |
|
|
|a SNKBUCL
|b slo
|c SNKBUCL
|e AACR2
|
| 041 |
0 |
|
|a cze
|
| 044 |
|
|
|a xo
|c SK
|
| 080 |
|
|
|a 82-95:615.874.2
|2 1981
|
| 100 |
1 |
|
|a Skalická, Veronika
|4 rev
|u I. dětská klinika FN Motol, Praha, Česká republika
|9 1540260
|
| 245 |
1 |
0 |
|a Recenze knížky Výživa detí a dospelých s cystickou fibrózou, autor RNDr. Gabriela Sabolová
|c Veronika Skalická
|
| 300 |
|
|
|b Obr.
|
| 650 |
0 |
7 |
|a dietoterapia
|2 SNKPH
|9 22112
|
| 650 |
0 |
7 |
|a výživa
|2 MESH
|9 2615
|
| 650 |
0 |
7 |
|a strava a stravovanie
|2 MESH
|9 508599
|
| 650 |
0 |
7 |
|a cystická fibróza
|2 SNKPH
|9 29100
|
| 655 |
|
7 |
|a recenzie
|2 snkbucl
|9 21907
|
| 773 |
0 |
|
|t Lekárnik
|g Roč. 11, č. 1 (2006), s. 2
|x 1335-924X
|
| 787 |
0 |
8 |
|i Rec.:
|a Sabolová, Gabriela
|t Výživa detí a dospelých s cystickou fibrózou
|
| 850 |
|
|
|a Slovenská národná knižnica
|
| 852 |
|
|
|a Slovenská národná knižnica
|
| 954 |
|
|
|a odborná, vedecká literatúra cudzojazyčná (svetová)
|2 lita
|
| 954 |
|
|
|a odborná, vedecká literatúra pôvodná (slovenská)
|2 lita
|
| 958 |
|
|
|a article27
|
| 958 |
|
|
|a OND
|
| 958 |
|
|
|a EUIPO
|
| 999 |
|
|
|c 3122839
|d 3124769
|